Trendy v online marketingu bakalárska práca

Gespeichert in:
Bibliographische Detailangaben
1. Verfasser: Frešo, Slavomír, 1978-
Körperschaft: Obchodná fakulta EU. Katedra marketingu
Weitere Verfasser: Stanková, Monika, 1993-
Format: Buch
Sprache:Slowakisch
Veröffentlicht: Bratislava 2020
Tags: Tag hinzufügen
Keine Tags, Fügen Sie das erste Tag hinzu!

MARC

LEADER 00000nbm a2200000 4500
001 0266572
005 20201006100917.5
041 0 |a slo 
044 |a SK 
245 1 0 |a Trendy v online marketingu  |b bakalárska práca  |c Slavomír Frešo ; školiteľ: Monika Stanková 
264 1 |a Bratislava  |c 2020 
300 |a 47 s. 
100 1 |a Frešo, Slavomír, 1978- 
700 1 |a Stanková, Monika, 1993- 
710 2 |a Obchodná fakulta EU. Katedra marketingu